| 000 | 00981 a2200205 4500 | ||
|---|---|---|---|
| 003 | NUST | ||
| 005 | 20221116123147.0 | ||
| 010 | _a 72014370 | ||
| 020 | _a0871501449 | ||
| 040 | _cNust | ||
| 082 | 0 | 0 | _a512.9,PET |
| 100 | 1 |
_aPeterson, John M., _9102671 |
|
| 245 | 1 | 0 |
_aIntermediate algebra / _cJohn M. Peterson, Floyd E. Haupt. |
| 260 |
_aBoston, _bPrindle, Weber & Schmidt _c[1973] |
||
| 300 |
_aviii, 390 p.: _billus. _c25 cm. |
||
| 505 | _aSets and Number (Page-1), Exponents ,Roots and Radical(Page-45), Polynomials and Factoring (Page-75), Rational Algebraic Expressions (Page-11), First) Degree Equations and Inequalities (Page-147), Higher Degree Equations and Inequalities (Page-171), Reactions , Functions, and Graphs (Page-203), Systems Of Equation (Page-255), Exponential and Logarithmic Functions (Page-289), Sequences. Series and the Binomial Theorem(Page-333). | ||
| 650 | 0 |
_aAlgebra. _98509 |
|
| 700 | 1 |
_aHaupt, Floyd E., _9102672 |
|
| 942 |
_2ddc _cBK _k512.9,PET |
||
| 999 |
_c182313 _d182313 |
||